| 000 | 00406nam a22001577a 4500 | ||
|---|---|---|---|
| 020 | _a9788189924676 | ||
| 082 |
_aH100 9 _bHAR/V |
||
| 100 | _aHarihar Prasad Gupta | ||
| 245 |
_aVaishnav Kabir/ _cby Harihar Prasad Gupta |
||
| 260 |
_aAllahabd: _bJaibharati Prakashan, _c2012. |
||
| 300 | _a208p. | ||
| 650 | _aPoetry Hindi Criticism | ||
| 650 | _aLiterature Hindi | ||
| 650 | _aLiterature | ||
| 942 | _cBK | ||
| 999 |
_c60466 _d60466 |
||